000 00314nam a2200121Ia 4500
005 20251222141839.0
008 251222s9999||||xx |||||||||||||| ||spa||
082 _a574/A78
100 _aRodríguez Rodríguez, Aquiles Alfredo
245 0 _aBiología:
264 _bUniversidad Tecnológica de Panamá
942 _cLIB
999 _c7364
_d7364